| 000 | 00660nam a2200217 a 4500 | ||
|---|---|---|---|
| 005 | 20240213063902.0 | ||
| 008 | 040311s2000 ag r 000 0 spa d | ||
| 020 | _a9870000150 | ||
| 035 | _aUPN01000132629 | ||
| 049 | _aCG | ||
| 050 | 4 |
_aHQ728 _bR5.4 |
|
| 100 | 1 |
_aRibeiro Ferreira, Manuel, _d1950- |
|
| 245 | 1 | 0 |
_aFamilia y política social / _cManuel Ribeiro Ferreira. |
| 260 |
_aBuenos Aires : _bLumen-Hvmanitas, _cc2000. |
||
| 300 | _a253 p. | ||
| 440 | 0 | _aPolítica, servicios y trabajo social | |
| 650 | 4 |
_aPOLITICA FAMILIAR _91435 |
|
| 650 | 4 |
_aFamilias _xConducta de vida _99121 |
|
| 650 | 4 |
_aFamilias _xAspectos sociales _912049 |
|
| 905 | _aLibro | ||
| 999 |
_c104783 _d104783 |
||